000 00634nam a2200193 a 4500
003 OSt
005 20240226100348.0
008 180309t2008 pk | |||| 00| d urd d
040 _c0
082 _a891.4392
_bPAK 2008
100 1 _aPakistan National Council Of The Arts
_9121291
245 0 0 _aدی لينڈمارک تھيٹر
_cPakistan National Council Of The Arts
246 _aThe Landmark Theatre
260 _aIslamabad:
300 _a447 p.
650 _aUrdu literature
_xDrama
_9110108
942 _2ddc
_cBK
_aSADA
_k891.4392 PAK 2008
999 _c608134
_d608134